000 01754cam a22004814i 4500
003 PE-LiUPU
005 20250731173508.0
008 150616s r 000 0 d
020 _a080062338X
035 _a(Sirsi) i9780800623388
040 _aPE-LiUPU
_bspa
_cPE-LiUPU
_erda
049 _aPRUA
082 0 4 _a226.206
_bK56M
_221
100 1 _aKingsbury, Jack Dean,
_eautor.
245 1 0 _aMatthew :
_bstructure, christology, kingdom /
_cJack Dean Kingsbury.
264 1 _aMinneapolis :
_bFortress Press,
_c1989.
300 _a178 páginas ;
_c23 centímetros
336 _atext
_2rdacontent
337 _aunmediated
_2rdamedia
338 _avolume
_2rdacarrier
504 _aBibliografía al pie de pag.
505 0 _aThe structure of Matthew's gospel and his concept -- The christology of Matthew: the title Sson of God -- The christology of Matthew: other titles -- Matthew's view of the Son of God and the kingdom Gospel Christology Matthew.
526 _aSEG42
526 _aSEG41
526 _aSEG40
526 _aSEG39
526 _aP94
526 _aP87
526 _aP86
526 _aP85
526 _aP77
526 _aP76
526 _aP35
630 _aBiblia.
_pN.T.
_pMateo
_xCrítica, interpretación, etc.
650 0 4 _a
910 _ajck
_bjvq
_cjck
942 _2ddc
_cBOOK
949 _a226.206 K56M
_wDEWEY
_c1
_i40542
_lCCODEBUL1
_mBUL
_r0
_sY
_tBOOK
_u2015-6-16
_xTEOLOGIA
_zUNKNOWN
_0COMPRA
_o.STAFF. Colección General
994 _aC0
_bPEPRU
596 _a1
999 _a226.206 K56M
_wDEWEY
_c58327
_i40542
_f2021-11-9
_g5
_lCCODEBUL1
_mBUL
_r0
_sY
_tBOOK
_u2015-6-16
_xTEOLOGIA
_zUNKNOWN
_0COMPRA
_o.STAFF. Colección General
_d58327
980 _81
_gALBERTO SANCHEZ Responsable de Automatización